Influencer Marketing Taxonomy From a Brand Point of View

Identifikácia marketingových možností influencera ako efektívneho nástroja marketingovej komunikácie značiek. Definícia influencera a sledovateľa. Značka v role inzerenta. Sponzorované poštové štítky.

Guardado en:
Detalles Bibliográficos
Autor principal: Stanková, Monika, 1993-
Otros Autores: Kuchta, Martin, 1990-
Formato: Capítulo de libro
Lenguaje:inglés
Materias:
Etiquetas: Agregar Etiqueta
Sin Etiquetas, Sea el primero en etiquetar este registro!

MARC

LEADER 00000naa$a2200000$$$4500
001 0271184
005 20240502083821.8
041 0 |a eng 
044 |a CZ 
245 1 0 |a Influencer Marketing Taxonomy From a Brand Point of View  |c Monika Stanková, Martin Kuchta 
520 |a Identifikácia marketingových možností influencera ako efektívneho nástroja marketingovej komunikácie značiek. Definícia influencera a sledovateľa. Značka v role inzerenta. Sponzorované poštové štítky. 
610 2 0 |a propagácia 
610 2 0 |a marketing 
610 2 0 |a značky 
610 2 0 |a influencer marketing 
610 2 0 |a médiá sociálne 
100 1 |a Stanková, Monika, 1993- 
700 1 |a Kuchta, Martin, 1990-